<?xml version="1.0" encoding="UTF-8"?>
<record
    xmlns:xsi="http://www.w3.org/2001/XMLSchema-instance"
    xsi:schemaLocation="http://www.loc.gov/MARC21/slim http://www.loc.gov/standards/marcxml/schema/MARC21slim.xsd"
    xmlns="http://www.loc.gov/MARC21/slim">

  <leader>01701nam a2200385   4500</leader>
  <controlfield tag="003">MX-MxINE</controlfield>
  <controlfield tag="005">20260530115314.0</controlfield>
  <controlfield tag="008">260421b1992    mx a|||| |||| 00| 0 spa d</controlfield>
  <datafield tag="020" ind1=" " ind2=" ">
    <subfield code="a">9682945119</subfield>
  </datafield>
  <datafield tag="040" ind1=" " ind2=" ">
    <subfield code="a">ICI</subfield>
    <subfield code="b">spa</subfield>
    <subfield code="c">ICI</subfield>
  </datafield>
  <datafield tag="050" ind1=" " ind2=" ">
    <subfield code="a">F1219.1Q47</subfield>
    <subfield code="b">H57  1992</subfield>
  </datafield>
  <datafield tag="100" ind1=" " ind2=" ">
    <subfield code="e">autor</subfield>
  </datafield>
  <datafield tag="245" ind1=" " ind2=" ">
    <subfield code="a">Historia y actualidad de los grupos ind&#xED;genas de Quer&#xE9;taro </subfield>
    <subfield code="c">Carlos Viramontes, Ana Ma. Crespo, Juan Carlos Saint-Charles, Alberto Herrera, Beatriz Cervantes,, Jes&#xFA;s Sol&#xED;s, Genoveva Ora&#xF1;anos, Juan Jos&#xE9; B&#xE1;rcenas, Ewald Hekking, Severiano Andr&#xE9;s de Jes&#xFA;s, Paula de Santiago ; Carlos Viramontes, (coord.)</subfield>
  </datafield>
  <datafield tag="264" ind1=" " ind2="1">
    <subfield code="a">Quer&#xE9;taro, Qro.</subfield>
    <subfield code="b">Gobierno del Estado de Quer&#xE9;taro</subfield>
  </datafield>
  <datafield tag="264" ind1=" " ind2="1">
    <subfield code="b">Instituto Nacional de Antropolog&#xED;a e Historia, Centro Regional Quer&#xE9;taro,</subfield>
    <subfield code="c"> 1992</subfield>
  </datafield>
  <datafield tag="300" ind1=" " ind2=" ">
    <subfield code="a">152 p&#xE1;ginas</subfield>
    <subfield code="b"> ilustraciones (algunas a color)</subfield>
  </datafield>
  <datafield tag="336" ind1=" " ind2=" ">
    <subfield code="2">rdacontent</subfield>
    <subfield code="a">texto</subfield>
  </datafield>
  <datafield tag="337" ind1=" " ind2=" ">
    <subfield code="2">rdamedia</subfield>
    <subfield code="a">sin medio</subfield>
  </datafield>
  <datafield tag="338" ind1=" " ind2=" ">
    <subfield code="2">rdacarrier</subfield>
    <subfield code="a">volumen</subfield>
  </datafield>
  <datafield tag="500" ind1=" " ind2=" ">
    <subfield code="a">"Octubre de 1992"</subfield>
  </datafield>
  <datafield tag="650" ind1=" " ind2="0">
    <subfield code="a"> Indios de M&#xE9;xico </subfield>
    <subfield code="z"> Quer&#xE9;taro (Estado)</subfield>
    <subfield code="9">33291</subfield>
  </datafield>
  <datafield tag="651" ind1=" " ind2="0">
    <subfield code="a"> Quer&#xE9;taro (Quer&#xE9;taro) </subfield>
    <subfield code="x"> Historia</subfield>
    <subfield code="9">33292</subfield>
  </datafield>
  <datafield tag="700" ind1=" " ind2="1">
    <subfield code="a"> Viramontes, Carlos</subfield>
    <subfield code="e">autor,</subfield>
  </datafield>
  <datafield tag="700" ind1=" " ind2="1">
    <subfield code="a"> Crespo, Ana Mar&#xED;a,</subfield>
    <subfield code="e"> autor</subfield>
    <subfield code="9">33294</subfield>
  </datafield>
  <datafield tag="700" ind1=" " ind2="1">
    <subfield code="a"> Saint-Charles, Juan Charles</subfield>
    <subfield code="e">autor</subfield>
    <subfield code="9">33295</subfield>
  </datafield>
  <datafield tag="700" ind1=" " ind2="1">
    <subfield code="a">Herrera, Alberto,</subfield>
    <subfield code="e"> autor</subfield>
    <subfield code="9">33296</subfield>
  </datafield>
  <datafield tag="700" ind1=" " ind2="1">
    <subfield code="a">Cervantes, Beatriz, </subfield>
    <subfield code="e"> autor</subfield>
    <subfield code="9">33297</subfield>
  </datafield>
  <datafield tag="700" ind1=" " ind2="1">
    <subfield code="a"> Sol&#xED;s, Jes&#xFA;s</subfield>
    <subfield code="e">autor</subfield>
    <subfield code="9">33298</subfield>
  </datafield>
  <datafield tag="700" ind1=" " ind2="1">
    <subfield code="a">Orva&#xF1;anos, Genoveva,</subfield>
    <subfield code="e">autor</subfield>
    <subfield code="9">33299</subfield>
  </datafield>
  <datafield tag="700" ind1=" " ind2="1">
    <subfield code="a">B&#xE1;rcenas, Juan Jos&#xE9;</subfield>
    <subfield code="e">autor</subfield>
    <subfield code="9">33300</subfield>
  </datafield>
  <datafield tag="700" ind1=" " ind2="1">
    <subfield code="a">Hekking, Ewald,</subfield>
    <subfield code="d">1947</subfield>
    <subfield code="e"> autor</subfield>
    <subfield code="9">33301</subfield>
  </datafield>
  <datafield tag="700" ind1=" " ind2="1">
    <subfield code="a">Andr&#xE9;s de Jes&#xFA;s, Severiano</subfield>
    <subfield code="d">1956</subfield>
    <subfield code="e">autor</subfield>
    <subfield code="9">33302</subfield>
  </datafield>
  <datafield tag="700" ind1=" " ind2="1">
    <subfield code="a">Santiago, Paula</subfield>
    <subfield code="d">1969</subfield>
    <subfield code="e"> autor</subfield>
    <subfield code="9">33303</subfield>
  </datafield>
  <datafield tag="942" ind1=" " ind2=" ">
    <subfield code="2">ddc</subfield>
    <subfield code="n">0</subfield>
    <subfield code="c">BK</subfield>
  </datafield>
  <datafield tag="999" ind1=" " ind2=" ">
    <subfield code="c">13501</subfield>
    <subfield code="d">13501</subfield>
  </datafield>
</record>
